000 00322nam a2200133Ia 4500
100 _aWalpole/R.E
942 _cBK
654 _aProbability
245 _aProbability and statistics for engineers and scientists
260 _bMaxwell Macmillan
_aNew York
_c1990
082 _a519
_bWAL
300 _a765
546 _aENGLISH
999 _c24764
_d24764